Lý luận và phương pháp công tác Đội Thiếu niên tiền phong Hồ Chí Minh Giáo trình cao đẳng Sư phạm
Trình bày các vấn đề chung về công tác đội Thiếu niên Tiền phong Hồ Chí Minh, chương trình tổ chức và hoạt động của đội, công tác đội với nhi đồng. Và những nhiệm vụ chủ yếu của Đoàn Thanh niên Cộng sản Hồ Chí Minh phụ trách đội Thanh niên Cộng sản Hồ Chí Minh...
Đã lưu trong:
| Tác giả chính: | |
|---|---|
| Tác giả khác: | , |
| Định dạng: | Sách |
| Ngôn ngữ: | Vietnamese |
| Được phát hành: |
H.
Đại học Sư phạm
2006
|
| Những chủ đề: | |
| Các nhãn: |
Thêm thẻ
Không có thẻ, Là người đầu tiên thẻ bản ghi này!
|
| Thư viện lưu trữ: | Mạng thư viện Đại học Đà Nẵng |
|---|
| LEADER | 01960aam a22004338a 4500 | ||
|---|---|---|---|
| 001 | 000018211 | ||
| 003 | 14638 | ||
| 005 | 20130924100940.0 | ||
| 008 | 130923s2006 viesd | ||
| 020 | |c 32000đ |d 3100b | ||
| 041 | |a vie | ||
| 082 | 1 | 4 | |2 14 |a 324.2597 |b TR-T |
| 084 | |b L000L | ||
| 084 | |a U422(1)z73 | ||
| 100 | 0 | |a Trần Như Tỉnh | |
| 245 | |a Lý luận và phương pháp công tác Đội Thiếu niên tiền phong Hồ Chí Minh |b Giáo trình cao đẳng Sư phạm |c B.s.: Trần Như Tỉnh (ch.b.), Phạm Văn Thanh, Phạm Bá Khoa | ||
| 260 | |a H. |b Đại học Sư phạm |c 2006 | ||
| 300 | |a 207 tr. |c 24 cm. | ||
| 500 | |a ĐTTS ghi: Bộ Giáo dục và Đào tạo. Dự án Đào tạo Giáo viên THCS | ||
| 504 | |a Thư mục: tr.207 | ||
| 520 | |a Trình bày các vấn đề chung về công tác đội Thiếu niên Tiền phong Hồ Chí Minh, chương trình tổ chức và hoạt động của đội, công tác đội với nhi đồng. Và những nhiệm vụ chủ yếu của Đoàn Thanh niên Cộng sản Hồ Chí Minh phụ trách đội Thanh niên Cộng sản Hồ Chí Minh | ||
| 650 | 0 | 4 | |2 Bộ TK TVQG |a Đội thiếu niên tiền phong Hồ Chí Minh |x Lý luận |
| 650 | 7 | |2 Bộ TK TVQG | |
| 650 | 7 | |2 Bộ TK TVQG | |
| 650 | 7 | |2 Bộ TK TVQG | |
| 653 | |a Đội Thiếu niên Tiền phong Hồ Chí Minh | ||
| 655 | 7 | |2 Bộ TK TVQG |a Giáo trình | |
| 700 | 0 | |a Phạm Bá Khoa |e b.s. | |
| 700 | 0 | |a Phạm Văn Thanh |e b.s. | |
| OWN | |a LSP | ||
| AVA | |a UDN50 |b LSP |d 324.2597 TR-T |e available |t Error 5001 Not defined in file expand_doc_bib_avail. |f 5 |g 0 |h N |i 0 |k 1 | ||
| 999 | |a From the UDN01 | ||
| AVA | |a UDN50 |b LSP |d 324.2597 TR-T |e available |t Error 5001 Not defined in file expand_doc_bib_avail. |f 5 |g 0 |h N |i 0 |k 1 | ||
| TYP | |a Monograph | ||
| TYP | |a Printed language | ||
| 980 | |a Mạng thư viện Đại học Đà Nẵng | ||